My Chemical Romance The Only Hope for Me is You lyrics - Statistics

General Stats
  • This quiz has been taken 135 times
  • The average score is 332 of 400
Answer Stats
Answer % Correct
me
99%
I
98%
you
98%
the
96%
The
96%
a
95%
for
95%
hope
95%
on
95%
only
95%
is
91%
we
89%
Where
89%
where
89%
be
88%
If
85%
if
85%
Because
84%
Can
84%
can
84%
And
81%
and
81%
Remember
81%
remember
81%
you're
81%
could
79%
out
79%
Then
79%
all
78%
go
78%
memory
78%
alone
77%
city
77%
lights
77%
that
77%
across
75%
I'd
75%
there's
75%
When
75%
when
75%
will
75%
another
74%
find
74%
of
74%
they
74%
it
73%
place
73%
belong
72%
streets
72%
have
70%
our
70%
stand
70%
in
69%
think
69%
to
69%
still
68%
these
68%
We'll
67%
bombs
65%
were
65%
ash
64%
can't
64%
make
64%
own
64%
built
63%
Covered
63%
covered
63%
glass
63%
take
59%
friends
58%
my
58%
pain
56%
see
56%
fell
54%
embers
53%
Face
51%
guns
51%
sell
51%
How
48%
What
48%
burn
47%
flame
46%
people
46%
seen
46%
them
46%
it's
43%
learned
43%
purifying
43%
say
43%
know
42%
we've
42%
after
41%
okay
40%
Other
40%
smile
40%
disasters
38%
tell
38%
should
37%
Many
36%
than
36%
though
32%
years
31%
No matching quizzes found
Score Distribution
Percent of People with Each Score
Percentile by Number Answered
Your Score History
You have not taken this quiz